[Event "Team Championship (men blitz)"]
[Site "Sochi"]
[Date "2017.10.05"]
[Round "4.3"]
[White "Jakovenko, Dmitry"]
[Black "Timofeev, Artyom"]
[Result "1/2-1/2"]
[LiveChessVersion "1.4.8"]
[BlackElo "2619"]
[WhiteElo "2589"]

1. e4 {[%clk 0:03:03]} c5 {[%clk 0:03:03]} 2. Nf3 {[%clk 0:03:05]} Nc6
{[%clk 0:03:05]} 3. Nc3 {[%clk 0:03:05]} e5 {[%clk 0:03:05]} 4. Bc4
{[%clk 0:03:06]} d6 {[%clk 0:03:05]} 5. d3 {[%clk 0:03:04]} Be7 {[%clk 0:03:06]}
6. O-O {[%clk 0:02:59]} Nf6 {[%clk 0:03:06]} 7. a3 {[%clk 0:02:59]} O-O
{[%clk 0:03:05]} 8. h3 {[%clk 0:03:00]} Be6 {[%clk 0:02:38]} 9. Rb1
{[%clk 0:02:37]} Bxc4 {[%clk 0:02:32]} 10. dxc4 {[%clk 0:02:38]} Nd4
{[%clk 0:02:33]} 11. Qd3 {[%clk 0:02:32]} Qd7 {[%clk 0:02:29]} 12. a4
{[%clk 0:02:11]} Ne8 {[%clk 0:02:22]} 13. Nd5 {[%clk 0:02:02]} Nc7
{[%clk 0:02:22]} 14. Nxc7 {[%clk 0:01:54]} Qxc7 {[%clk 0:02:23]} 15. c3
{[%clk 0:01:54]} Nxf3+ {[%clk 0:02:19]} 16. Qxf3 {[%clk 0:01:55]} Qc6
{[%clk 0:02:18]} 17. b3 {[%clk 0:01:54]} f5 {[%clk 0:02:14]} 1/2-1/2

[Event "Team Championship (men blitz)"]
[Site "Sochi"]
[Date "2017.10.05"]
[Round "4.4"]
[White "Sharafiev, Azat"]
[Black "Iljiushenok, Ilia"]
[Result "0-1"]
[LiveChessVersion "1.4.8"]
[BlackElo "2409"]
[WhiteElo "2459"]

1. Nf3 {[%clk 0:03:03]} Nf6 {[%clk 0:03:03]} 2. c4 {[%clk 0:03:04]} g6
{[%clk 0:03:04]} 3. Nc3 {[%clk 0:03:04]} Bg7 {[%clk 0:03:05]} 4. g3
{[%clk 0:03:05]} O-O {[%clk 0:03:05]} 5. Bg2 {[%clk 0:03:06]} d6 {[%clk 0:03:06]}
6. O-O {[%clk 0:03:07]} a6 {[%clk 0:03:07]} 7. Rb1 {[%clk 0:02:53]} Nc6
{[%clk 0:03:05]} 8. b4 {[%clk 0:02:52]} d5 {[%clk 0:03:06]} 9. cxd5 Nxd5
{[%clk 0:03:07]} 10. Nxd5 {[%clk 0:02:44]} Qxd5 {[%clk 0:03:08]} 11. a3
{[%clk 0:02:39]} Qa2 {[%clk 0:02:51]} 12. Rb3 {[%clk 0:01:35]} Be6
{[%clk 0:02:52]} 13. Re3 {[%clk 0:01:36]} Rad8 {[%clk 0:02:46]} 14. Ng5
{[%clk 0:01:25]} Bd5 {[%clk 0:02:44]} 15. Bxd5 {[%clk 0:01:19]} Qxd5
{[%clk 0:02:29]} 16. Ne4 {[%clk 0:01:18]} Bd4 {[%clk 0:01:57]} 17. Nc3
{[%clk 0:01:13]} Qh5 {[%clk 0:01:58]} 18. Rd3 {[%clk 0:00:55]} Ne5
{[%clk 0:02:00]} 19. Rxd4 {[%clk 0:00:53]} Rxd4 {[%clk 0:02:01]} 20. f3
{[%clk 0:00:49]} Rfd8 {[%clk 0:01:58]} 21. d3 {[%clk 0:00:42]} R4d7
{[%clk 0:01:27]} 22. Ne4 {[%clk 0:00:36]} b6 {[%clk 0:01:23]} 23. g4
{[%clk 0:00:34]} Qh3 {[%clk 0:01:19]} 24. Bg5 {[%clk 0:00:32]} Nxg4
{[%clk 0:01:20]} 25. fxg4 {[%clk 0:00:32]} Qxg4+ {[%clk 0:01:21]} 26. Kh1
{[%clk 0:00:32]} Qxe4+ {[%clk 0:01:22]} 27. Rf3 {[%clk 0:00:29]} Qg4
{[%clk 0:01:18]} 28. Rg3 {[%clk 0:00:28]} Qf5 {[%clk 0:01:17]} 29. Bh6
{[%clk 0:00:25]} e5 {[%clk 0:01:14]} 30. Qa1 {[%clk 0:00:23]} Rd4
{[%clk 0:01:07]} 31. Rf3 {[%clk 0:00:13]} Qh5 {[%clk 0:01:02]} 32. Be3
{[%clk 0:00:12]} Rh4 {[%clk 0:00:56]} 33. Qg1 {[%clk 0:00:11]} Rh3
{[%clk 0:00:51]} 34. Bg5 {[%clk 0:00:04]} Rxf3 {[%clk 0:00:44]} 35. Bxd8
{[%clk 0:00:05]} Rf5 {[%clk 0:00:37]} 36. Qg2 {[%clk 0:00:05]} Qh6
{[%clk 0:00:24]} 37. Qa8 {[%clk 0:00:00]} 0-1

[Event "Team Championship (men blitz)"]
[Site "Sochi"]
[Date "2017.10.05"]
[Round "4.6"]
[White "Andreikin, Dmitry"]
[Black "Morozevich, Alexander"]
[Result "1-0"]
[LiveChessVersion "1.4.8"]
[BlackElo "2642"]
[WhiteElo "2787"]

1. d4 {[%clk 0:03:03]} Nf6 {[%clk 0:03:03]} 2. Bg5 {[%clk 0:03:04]} d5
{[%clk 0:03:04]} 3. Nd2 {[%clk 0:03:05]} Nbd7 {[%clk 0:03:01]} 4. e3
{[%clk 0:03:06]} g6 {[%clk 0:03:02]} 5. f4 {[%clk 0:03:06]} Bg7 {[%clk 0:03:02]}
6. c3 {[%clk 0:03:06]} c5 {[%clk 0:02:54]} 7. Bd3 {[%clk 0:03:07]} Qb6
{[%clk 0:02:48]} 8. Rb1 {[%clk 0:03:07]} h6 {[%clk 0:02:29]} 9. Bh4
{[%clk 0:02:56]} g5 {[%clk 0:02:30]} 10. fxg5 {[%clk 0:02:53]} hxg5
{[%clk 0:02:31]} 11. Bxg5 {[%clk 0:02:53]} e5 {[%clk 0:02:32]} 12. Ne2
{[%clk 0:02:46]} Ng4 {[%clk 0:02:15]} 13. Ng3 {[%clk 0:02:41]} Ndf6
{[%clk 0:02:07]} 14. Nf5 {[%clk 0:02:25]} Rg8 {[%clk 0:02:00]} 15. O-O
{[%clk 0:02:16]} Bh8 {[%clk 0:01:42]} 16. Bxf6 {[%clk 0:01:53]} Bxf6
{[%clk 0:01:29]} 17. Qf3 {[%clk 0:01:53]} e4 {[%clk 0:01:25]} 18. Bxe4
{[%clk 0:01:54]} dxe4 {[%clk 0:01:26]} 19. Nxe4 {[%clk 0:01:54]} Rg6
{[%clk 0:00:45]} 20. h3 {[%clk 0:01:51]} Bxf5 {[%clk 0:00:17]} 21. Qxf5
{[%clk 0:01:50]} Nxe3 {[%clk 0:00:13]} 22. Nxf6+ {[%clk 0:01:48]} Rxf6
{[%clk 0:00:14]} 23. Qxf6 {[%clk 0:01:44]} Nxf1 {[%clk 0:00:15]} 24. Re1+
{[%clk 0:01:43]} Kd7 {[%clk 0:00:16]} 25. Qxf7+ {[%clk 0:01:43]} Ke8 1-0

[Event "Team Championship (men blitz)"]
[Site "Sochi"]
[Date "2017.10.05"]
[Round "4.7"]
[White "Savchenko, Boris"]
[Black "Riazantsev, Alexander"]
[Result "0-1"]
[LiveChessVersion "1.4.8"]
[BlackElo "2670"]
[WhiteElo "2630"]

1. e4 {[%clk 0:03:03]} c6 {[%clk 0:03:04]} 2. d4 {[%clk 0:03:04]} d5
{[%clk 0:03:06]} 3. Nc3 {[%clk 0:03:05]} dxe4 {[%clk 0:03:07]} 4. Nxe4
{[%clk 0:03:06]} Bf5 {[%clk 0:03:09]} 5. Ng3 Bg6 6. Nf3 {[%clk 0:03:08]} Nd7
{[%clk 0:03:13]} 7. Bd3 {[%clk 0:03:09]} Bxd3 8. Qxd3 {[%clk 0:03:10]} e6
{[%clk 0:03:14]} 9. O-O Ngf6 10. Re1 {[%clk 0:03:10]} Be7 {[%clk 0:03:17]} 11. b3
{[%clk 0:03:11]} O-O {[%clk 0:03:16]} 12. Bb2 {[%clk 0:03:12]} Re8
{[%clk 0:03:14]} 13. Rad1 Qc7 14. Ne4 {[%clk 0:03:13]} Rad8 {[%clk 0:02:43]} 15.
Nxf6+ {[%clk 0:03:12]} Bxf6 {[%clk 0:02:44]} 16. c4 {[%clk 0:03:11]} h6
{[%clk 0:02:37]} 17. Qc2 {[%clk 0:03:08]} a6 {[%clk 0:02:31]} 18. h3
{[%clk 0:03:07]} Nf8 {[%clk 0:02:25]} 19. g3 {[%clk 0:03:03]} c5 {[%clk 0:02:06]}
20. dxc5 {[%clk 0:02:48]} Bxb2 {[%clk 0:02:06]} 21. Qxb2 {[%clk 0:02:48]} Qxc5
{[%clk 0:02:07]} 22. Qe5 {[%clk 0:02:37]} Qc6 {[%clk 0:01:33]} 23. Qe3
{[%clk 0:02:34]} Ng6 {[%clk 0:01:30]} 24. h4 {[%clk 0:02:33]} Qc7
{[%clk 0:01:31]} 25. Qe4 {[%clk 0:02:25]} b5 {[%clk 0:01:24]} 26. cxb5
{[%clk 0:02:18]} axb5 {[%clk 0:01:25]} 27. a4 {[%clk 0:02:17]} bxa4
{[%clk 0:01:26]} 28. bxa4 {[%clk 0:02:18]} Ra8 {[%clk 0:01:11]} 29. Ra1
{[%clk 0:02:16]} Ra5 {[%clk 0:01:07]} 30. Rec1 Qa7 31. Rc4 Qa8 32. Nd2
{[%clk 0:01:44]} Ne7 {[%clk 0:01:10]} 33. Nb3 {[%clk 0:01:42]} Rd5
{[%clk 0:01:02]} 34. a5 {[%clk 0:01:15]} Nf5 {[%clk 0:01:04]} 35. Qc2 Red8 36. a6
Rd3 37. Nc5 {[%clk 0:00:37]} Rd2 {[%clk 0:01:01]} 38. Qe4 {[%clk 0:00:37]} Qa7
{[%clk 0:00:40]} 39. Qb7 {[%clk 0:00:36]} Ra8 {[%clk 0:00:37]} 40. Qxa7 Rxa7 41.
Rb4 {[%clk 0:00:34]} Nd6 {[%clk 0:00:36]} 42. Rb6 {[%clk 0:00:33]} Rd5
{[%clk 0:00:35]} 43. Rc1 {[%clk 0:00:32]} Kh7 {[%clk 0:00:35]} 44. h5
{[%clk 0:00:25]} g6 {[%clk 0:00:36]} 45. hxg6+ {[%clk 0:00:23]} Kxg6
{[%clk 0:00:37]} 46. Nb7 {[%clk 0:00:23]} Ne4 {[%clk 0:00:30]} 47. Rc4
{[%clk 0:00:21]} Nd2 {[%clk 0:00:29]} 48. Rc5 {[%clk 0:00:18]} Rd3
{[%clk 0:00:25]} 49. Kg2 {[%clk 0:00:18]} Ra3 {[%clk 0:00:25]} 50. Rcc6
{[%clk 0:00:12]} Ne4 {[%clk 0:00:27]} 51. f3 {[%clk 0:00:07]} Ra2+
{[%clk 0:00:28]} 52. Kg1 {[%clk 0:00:07]} Ra1+ {[%clk 0:00:28]} 53. Kg2
{[%clk 0:00:08]} Ra2+ {[%clk 0:00:29]} 54. Kg1 {[%clk 0:00:07]} Ra1+
{[%clk 0:00:27]} 55. Kg2 {[%clk 0:00:08]} Ra2+ {[%clk 0:00:29]} 56. Kh3
{[%clk 0:00:06]} Ng5+ {[%clk 0:00:30]} 57. Kg4 {[%clk 0:00:08]} Ra4+
{[%clk 0:00:24]} 58. f4 {[%clk 0:00:09]} h5+ {[%clk 0:00:22]} 59. Kh4
{[%clk 0:00:10]} Nf3+ {[%clk 0:00:12]} 60. Kh3 {[%clk 0:00:11]} Ra2
{[%clk 0:00:14]} 61. g4 {[%clk 0:00:11]} h4 {[%clk 0:00:15]} 0-1

[Event "Team Championship (men blitz)"]
[Site "Sochi"]
[Date "2017.10.05"]
[Round "4.8"]
[White "Rublevsky, Sergei"]
[Black "Bocharov, Dmitry"]
[Result "1-0"]
[LiveChessVersion "1.4.8"]
[BlackElo "2653"]
[WhiteElo "2643"]

1. e4 {[%clk 0:03:03]} d6 {[%clk 0:02:57]} 2. d4 {[%clk 0:03:03]} Nf6
{[%clk 0:02:58]} 3. Nc3 {[%clk 0:03:05]} g6 {[%clk 0:02:59]} 4. Bg5
{[%clk 0:03:05]} h6 {[%clk 0:02:58]} 5. Bh4 {[%clk 0:03:03]} a6 {[%clk 0:02:55]}
6. Bd3 {[%clk 0:02:54]} Nc6 {[%clk 0:02:52]} 7. Nge2 {[%clk 0:02:43]} Bg7
{[%clk 0:02:49]} 8. O-O {[%clk 0:02:34]} g5 {[%clk 0:02:30]} 9. Bg3
{[%clk 0:02:36]} Nh5 {[%clk 0:02:31]} 10. d5 {[%clk 0:02:14]} Ne5
{[%clk 0:02:30]} 11. Nd4 {[%clk 0:01:54]} Nxg3 {[%clk 0:02:24]} 12. hxg3
{[%clk 0:01:55]} c5 {[%clk 0:02:18]} 13. dxc6 {[%clk 0:01:50]} bxc6
{[%clk 0:02:18]} 14. Nf5 {[%clk 0:01:39]} Bxf5 {[%clk 0:02:07]} 15. exf5
{[%clk 0:01:40]} h5 {[%clk 0:02:08]} 16. Ne4 {[%clk 0:01:30]} h4 {[%clk 0:02:03]}
17. g4 {[%clk 0:01:27]} Qb6 {[%clk 0:01:40]} 18. Nxg5 {[%clk 0:01:18]} Qxb2
{[%clk 0:01:26]} 19. Rb1 {[%clk 0:01:19]} Qd4 {[%clk 0:01:21]} 20. Be2
{[%clk 0:00:50]} Qf4 {[%clk 0:00:43]} 21. Nh3 {[%clk 0:00:51]} Qa4
{[%clk 0:00:43]} 22. f4 {[%clk 0:00:44]} Nc4 {[%clk 0:00:37]} 23. Qd3
{[%clk 0:00:39]} d5 {[%clk 0:00:33]} 24. g5 {[%clk 0:00:31]} O-O {[%clk 0:00:24]}
25. f6 {[%clk 0:00:32]} exf6 {[%clk 0:00:20]} 26. gxf6 {[%clk 0:00:33]} Bxf6
{[%clk 0:00:18]} 27. Qf5 {[%clk 0:00:33]} Bd4+ {[%clk 0:00:12]} 28. Kh1
{[%clk 0:00:34]} Nd6 {[%clk 0:00:10]} 29. Qg4+ {[%clk 0:00:17]} Bg7
{[%clk 0:00:12]} 30. Bd3 {[%clk 0:00:19]} Qd4 {[%clk 0:00:07]} 31. Qxh4
{[%clk 0:00:17]} Qf6 {[%clk 0:00:08]} 32. Qh7# {[%clk 0:00:18]} 1-0

[Event "Team Championship (men blitz)"]
[Site "Sochi"]
[Date "2017.10.05"]
[Round "4.9"]
[White "Grachev, Boris"]
[Black "Fedoseev, Vladimir"]
[Result "0-1"]
[LiveChessVersion "1.4.8"]
[BlackElo "2656"]
[WhiteElo "2625"]

1. d4 {[%clk 0:03:03]} Nf6 {[%clk 0:03:04]} 2. Bf4 {[%clk 0:03:04]} e6
{[%clk 0:03:05]} 3. e3 {[%clk 0:03:05]} c5 {[%clk 0:03:06]} 4. c3
{[%clk 0:03:06]} b6 {[%clk 0:03:08]} 5. Nd2 {[%clk 0:03:04]} Bb7 {[%clk 0:03:09]}
6. Ngf3 {[%clk 0:03:05]} Be7 {[%clk 0:03:10]} 7. h3 {[%clk 0:03:01]} O-O
{[%clk 0:03:10]} 8. Bd3 {[%clk 0:03:01]} d6 {[%clk 0:03:08]} 9. O-O
{[%clk 0:02:53]} Nc6 {[%clk 0:03:07]} 10. Bh2 {[%clk 0:02:52]} Re8
{[%clk 0:03:04]} 11. a3 {[%clk 0:02:48]} Bf8 {[%clk 0:03:05]} 12. Qe2
{[%clk 0:02:45]} g6 {[%clk 0:02:56]} 13. Rfd1 {[%clk 0:02:43]} a6
{[%clk 0:02:43]} 14. e4 {[%clk 0:02:38]} d5 {[%clk 0:02:44]} 15. e5
{[%clk 0:02:38]} Nd7 {[%clk 0:02:44]} 16. Bf4 {[%clk 0:02:33]} b5
{[%clk 0:02:39]} 17. Qe3 {[%clk 0:02:31]} Rc8 {[%clk 0:02:09]} 18. Bh6
{[%clk 0:02:24]} Bxh6 {[%clk 0:02:00]} 19. Qxh6 {[%clk 0:02:24]} f5
{[%clk 0:02:01]} 20. g4 {[%clk 0:01:28]} cxd4 {[%clk 0:01:38]} 21. cxd4
{[%clk 0:01:26]} Nf8 {[%clk 0:01:35]} 22. Nb3 {[%clk 0:01:16]} fxg4
{[%clk 0:01:31]} 23. hxg4 {[%clk 0:01:15]} Rc7 {[%clk 0:01:27]} 24. Rac1
{[%clk 0:01:14]} Rf7 {[%clk 0:01:21]} 25. Be2 {[%clk 0:01:07]} Na5
{[%clk 0:01:12]} 26. Nc5 {[%clk 0:01:06]} Nc4 {[%clk 0:01:02]} 27. Ng5
{[%clk 0:01:01]} Rc7 {[%clk 0:00:59]} 28. b4 {[%clk 0:00:56]} Nxa3
{[%clk 0:00:42]} 29. Rc3 {[%clk 0:00:55]} Nc4 {[%clk 0:00:40]} 30. Rf3
{[%clk 0:00:55]} Qe7 {[%clk 0:00:29]} 31. Rf6 {[%clk 0:00:40]} Bc8
{[%clk 0:00:27]} 32. Rd3 {[%clk 0:00:34]} Qg7 {[%clk 0:00:24]} 33. Qxg7+
{[%clk 0:00:25]} Rxg7 {[%clk 0:00:22]} 34. Rdf3 {[%clk 0:00:22]} Nd2
{[%clk 0:00:22]} 35. Rxf8+ {[%clk 0:00:10]} Rxf8 {[%clk 0:00:22]} 36. Rxf8+
{[%clk 0:00:11]} Kxf8 {[%clk 0:00:23]} 37. Ngxe6+ {[%clk 0:00:11]} Bxe6
{[%clk 0:00:22]} 38. Nxe6+ {[%clk 0:00:13]} Kf7 {[%clk 0:00:23]} 39. Nxg7
{[%clk 0:00:13]} Kxg7 {[%clk 0:00:24]} 40. f4 {[%clk 0:00:07]} Nb3
{[%clk 0:00:23]} 41. Kf2 {[%clk 0:00:04]} Nxd4 {[%clk 0:00:24]} 42. Bf3
{[%clk 0:00:05]} Nxf3 {[%clk 0:00:06]} 43. Kxf3 {[%clk 0:00:06]} h5
{[%clk 0:00:06]} 44. f5 {[%clk 0:00:06]} h4 {[%clk 0:00:05]} 45. e6
{[%clk 0:00:05]} gxf5 {[%clk 0:00:06]} 46. gxf5 {[%clk 0:00:05]} Kf6
{[%clk 0:00:07]} 47. Kg4 {[%clk 0:00:03]} d4 {[%clk 0:00:09]} 48. e7
{[%clk 0:00:03]} Kxe7 {[%clk 0:00:09]} 0-1

[Event "Team Championship (men blitz)"]
[Site "Sochi"]
[Date "2017.10.05"]
[Round "4.10"]
[White "Kovalev, Vladislav"]
[Black "Popov, Ivan"]
[Result "1/2-1/2"]
[LiveChessVersion "1.4.8"]
[BlackElo "2607"]
[WhiteElo "2527"]

1. e4 {[%clk 0:03:03]} c6 {[%clk 0:03:04]} 2. d4 {[%clk 0:03:05]} d5
{[%clk 0:03:05]} 3. exd5 cxd5 {[%clk 0:03:06]} 4. Bd3 {[%clk 0:03:05]} Nc6 5. c3
Nf6 {[%clk 0:03:08]} 6. Bf4 {[%clk 0:03:08]} g6 {[%clk 0:03:09]} 7. Nf3
{[%clk 0:02:52]} Bg7 {[%clk 0:03:10]} 8. O-O {[%clk 0:02:53]} O-O
{[%clk 0:03:11]} 9. Ne5 {[%clk 0:02:48]} Bf5 {[%clk 0:03:04]} 10. Bxf5
{[%clk 0:02:37]} gxf5 {[%clk 0:03:05]} 11. Nd2 {[%clk 0:02:39]} e6
{[%clk 0:03:02]} 12. Nd3 {[%clk 0:02:29]} Kh8 {[%clk 0:02:50]} 13. h3
{[%clk 0:02:13]} Rg8 {[%clk 0:02:36]} 14. Kh1 {[%clk 0:02:13]} Ne4
{[%clk 0:02:27]} 15. f3 {[%clk 0:02:13]} Nxd2 {[%clk 0:02:10]} 16. Qxd2
{[%clk 0:02:14]} Ne7 {[%clk 0:01:55]} 17. g4 {[%clk 0:01:57]} Ng6
{[%clk 0:01:11]} 18. gxf5 {[%clk 0:01:55]} Nxf4 {[%clk 0:01:12]} 19. Qxf4
{[%clk 0:01:51]} Qf6 {[%clk 0:01:09]} 20. Ne5 {[%clk 0:01:36]} exf5
{[%clk 0:00:51]} 21. Rg1 {[%clk 0:01:31]} Qe6 {[%clk 0:00:48]} 22. Rae1
{[%clk 0:01:19]} Rae8 {[%clk 0:00:48]} 23. Ng6+ {[%clk 0:00:15]} fxg6
{[%clk 0:00:49]} 24. Rxe6 {[%clk 0:00:16]} Rxe6 {[%clk 0:00:50]} 25. Qc7
{[%clk 0:00:16]} Rge8 {[%clk 0:00:45]} 26. Qxb7 {[%clk 0:00:17]} Re2
{[%clk 0:00:40]} 27. Rg2 {[%clk 0:00:09]} Re1+ {[%clk 0:00:41]} 28. Rg1
{[%clk 0:00:10]} R1e2 {[%clk 0:00:43]} 29. Qxd5 {[%clk 0:00:07]} Bh6
{[%clk 0:00:42]} 30. Rg2 {[%clk 0:00:04]} Re1+ 31. Rg1 R1e2 {[%clk 0:00:44]} 32.
Rg2 {[%clk 0:00:04]} Re1+ {[%clk 0:00:45]} 33. Rg1 {[%clk 0:00:04]} R1e2 34. Qd6
1/2-1/2

[Event "Team Championship (men blitz)"]
[Site "Sochi"]
[Date "2017.10.05"]
[Round "4.11"]
[White "Kobalia, Mikhail"]
[Black "Predke, Alexandr"]
[Result "1-0"]
[LiveChessVersion "1.4.8"]
[BlackElo "2528"]
[WhiteElo "2568"]

1. e4 {[%clk 0:03:03]} e5 {[%clk 0:03:03]} 2. Nf3 {[%clk 0:03:04]} Nc6
{[%clk 0:03:04]} 3. Bb5 {[%clk 0:03:04]} a6 {[%clk 0:03:05]} 4. Ba4
{[%clk 0:03:06]} Nf6 {[%clk 0:03:06]} 5. O-O {[%clk 0:03:06]} b5 {[%clk 0:03:07]}
6. Bb3 {[%clk 0:03:07]} Bc5 {[%clk 0:03:08]} 7. a4 {[%clk 0:02:59]} Rb8
{[%clk 0:03:09]} 8. d3 {[%clk 0:02:59]} d6 {[%clk 0:03:04]} 9. axb5
{[%clk 0:02:57]} axb5 {[%clk 0:03:05]} 10. Be3 {[%clk 0:02:53]} O-O
{[%clk 0:02:51]} 11. Nc3 {[%clk 0:02:50]} Bg4 {[%clk 0:02:33]} 12. h3
{[%clk 0:02:14]} Bh5 {[%clk 0:02:21]} 13. Nd5 {[%clk 0:02:13]} Nxd5
{[%clk 0:02:14]} 14. Bxd5 {[%clk 0:02:14]} Ne7 {[%clk 0:01:45]} 15. Bb3
{[%clk 0:02:15]} Bb6 {[%clk 0:01:15]} 16. g4 {[%clk 0:02:15]} Bg6
{[%clk 0:01:16]} 17. Nh4 {[%clk 0:02:16]} Nc6 {[%clk 0:01:12]} 18. Nf5
{[%clk 0:02:16]} Bxf5 {[%clk 0:01:04]} 19. gxf5 {[%clk 0:02:05]} Bxe3 20. fxe3
{[%clk 0:02:06]} Qg5+ {[%clk 0:01:06]} 21. Kf2 {[%clk 0:01:49]} Qh4+
{[%clk 0:01:06]} 22. Ke2 {[%clk 0:01:50]} Qxh3 {[%clk 0:00:59]} 23. Rg1
{[%clk 0:01:46]} Kh8 {[%clk 0:00:13]} 24. Qe1 {[%clk 0:01:38]} Qh2+
{[%clk 0:00:12]} 25. Kf3 {[%clk 0:01:37]} Qh5+ {[%clk 0:00:13]} 26. Rg4
{[%clk 0:01:22]} Ne7 {[%clk 0:00:14]} 27. Qg3 {[%clk 0:01:17]} Ng8
{[%clk 0:00:13]} 28. Kf2 {[%clk 0:01:18]} Ra8 {[%clk 0:00:07]} 29. Rg1
{[%clk 0:01:14]} Qh6 {[%clk 0:00:04]} 30. Rxg7 {[%clk 0:00:54]} Nf6
{[%clk 0:00:06]} 31. Bxf7 {[%clk 0:00:53]} b4 {[%clk 0:00:04]} 32. Ke2
{[%clk 0:00:47]} c6 {[%clk 0:00:05]} 33. Be6 {[%clk 0:00:42]} d5 {[%clk 0:00:06]}
34. exd5 {[%clk 0:00:30]} cxd5 {[%clk 0:00:07]} 35. Qxe5 {[%clk 0:00:30]} Qh5+
{[%clk 0:00:08]} 36. Kd2 {[%clk 0:00:29]} Qh4 {[%clk 0:00:08]} 37. R1g2
{[%clk 0:00:27]} b3 {[%clk 0:00:08]} 38. c3 {[%clk 0:00:26]} Qh6 {[%clk 0:00:07]}
39. Rf7 {[%clk 0:00:24]} Rxf7 {[%clk 0:00:07]} 40. Bxf7 {[%clk 0:00:25]} Rf8
{[%clk 0:00:05]} 41. Bxd5 {[%clk 0:00:26]} Qh4 {[%clk 0:00:05]} 42. c4
{[%clk 0:00:24]} Qh6 {[%clk 0:00:03]} 43. c5 {[%clk 0:00:24]} 1-0

[Event "Team Championship (men blitz)"]
[Site "Sochi"]
[Date "2017.10.05"]
[Round "4.12"]
[White "Yuffa, Daniil"]
[Black "Motylev, Alexander"]
[Result "1-0"]
[LiveChessVersion "1.4.8"]
[BlackElo "2551"]
[WhiteElo "2542"]

1. d4 {[%clk 0:03:02]} d5 {[%clk 0:03:01]} 2. Bf4 {[%clk 0:03:03]} c5
{[%clk 0:02:59]} 3. e3 {[%clk 0:03:03]} Nc6 {[%clk 0:03:00]} 4. c3
{[%clk 0:03:04]} Nf6 {[%clk 0:02:58]} 5. Nd2 {[%clk 0:03:05]} Bf5
{[%clk 0:02:55]} 6. Qb3 {[%clk 0:03:05]} Qc8 {[%clk 0:02:53]} 7. dxc5
{[%clk 0:03:05]} e6 {[%clk 0:02:51]} 8. Ngf3 {[%clk 0:03:01]} Bxc5
{[%clk 0:02:51]} 9. Nd4 {[%clk 0:02:29]} Bg6 {[%clk 0:02:50]} 10. Bg3
{[%clk 0:02:19]} O-O {[%clk 0:02:49]} 11. Be2 {[%clk 0:02:19]} Re8
{[%clk 0:02:41]} 12. O-O {[%clk 0:02:13]} e5 {[%clk 0:02:40]} 13. N4f3
{[%clk 0:02:02]} a6 {[%clk 0:02:31]} 14. Rac1 {[%clk 0:02:02]} Bh5
{[%clk 0:01:46]} 15. Rfe1 {[%clk 0:01:59]} Qd7 {[%clk 0:01:46]} 16. Bh4
{[%clk 0:01:50]} Qe6 {[%clk 0:01:21]} 17. Bxf6 {[%clk 0:01:49]} gxf6
{[%clk 0:01:21]} 18. Qd1 {[%clk 0:01:45]} Kh8 {[%clk 0:01:12]} 19. Nh4
{[%clk 0:01:43]} Bg6 {[%clk 0:01:09]} 20. Bf3 {[%clk 0:01:31]} Rad8
{[%clk 0:01:08]} 21. Qe2 {[%clk 0:01:20]} f5 {[%clk 0:01:09]} 22. g3
{[%clk 0:01:08]} Qf6 {[%clk 0:01:08]} 23. Bg2 {[%clk 0:00:52]} Re7
{[%clk 0:01:01]} 24. b4 {[%clk 0:00:50]} Ba7 {[%clk 0:01:01]} 25. a4
{[%clk 0:00:50]} f4 {[%clk 0:00:58]} 26. exf4 {[%clk 0:00:30]} exf4
{[%clk 0:00:58]} 27. Qf1 {[%clk 0:00:16]} Ne5 {[%clk 0:00:52]} 28. Nxg6+
{[%clk 0:00:16]} hxg6 {[%clk 0:00:48]} 29. Nf3 {[%clk 0:00:11]} Ng4
{[%clk 0:00:48]} 30. Nd4 {[%clk 0:00:09]} fxg3 {[%clk 0:00:42]} 31. hxg3
{[%clk 0:00:09]} Rxe1 {[%clk 0:00:36]} 32. Qxe1 {[%clk 0:00:07]} Bxd4
{[%clk 0:00:32]} 33. cxd4 {[%clk 0:00:08]} Qxd4 {[%clk 0:00:33]} 34. Rd1
{[%clk 0:00:08]} Qc4 {[%clk 0:00:15]} 35. Qe7 {[%clk 0:00:09]} Rc8
{[%clk 0:00:05]} 36. Qxf7 {[%clk 0:00:10]} Qe2 {[%clk 0:00:06]} 37. Rf1
{[%clk 0:00:09]} Ne5 {[%clk 0:00:03]} 38. Qxd5 {[%clk 0:00:09]} b6
{[%clk 0:00:03]} 39. Qb7 {[%clk 0:00:09]} Rf8 {[%clk 0:00:04]} 40. Qxb6
{[%clk 0:00:08]} Kg7 {[%clk 0:00:06]} 41. Qa7+ {[%clk 0:00:08]} Rf7
{[%clk 0:00:07]} 42. Qe3 {[%clk 0:00:09]} Qxe3 {[%clk 0:00:06]} 43. fxe3
{[%clk 0:00:10]} Rc7 {[%clk 0:00:06]} 44. b5 {[%clk 0:00:10]} axb5
{[%clk 0:00:07]} 45. axb5 {[%clk 0:00:12]} Rc3 {[%clk 0:00:05]} 46. Rb1
{[%clk 0:00:12]} Rxe3 {[%clk 0:00:06]} 47. b6 {[%clk 0:00:09]} Nd7
{[%clk 0:00:06]} 48. Kf2 {[%clk 0:00:10]} Re8 {[%clk 0:00:05]} 49. b7
{[%clk 0:00:09]} Rf8+ {[%clk 0:00:03]} 50. Ke3 {[%clk 0:00:09]} Nb8
{[%clk 0:00:03]} 51. Rc1 {[%clk 0:00:10]} Kf6 {[%clk 0:00:00]} 52. Rc8
{[%clk 0:00:10]} Ke7 {[%clk 0:00:00]} 1-0